000 00513nam a2200157 a 4500
001 000045010
005 20201002045813.0
008 150128s1975 ve 000 0 spa d
040 _aDO-SdBNP
_bspa
_cBNPHU
100 1 _aCaldera, Rafael
_920912
245 1 3 _aLa nacionalización del petróleo. /
_cRafael Caldera.
250 _a3a. ed.
260 _aCaracas, Venezuela, :
_bEdiciones nueva política,
_c1975.
300 _a107 p. ;
_c19 cm.
590 _aPerteneció a la biblioteca personal de Germán Emilio Ornes.
999 _c44499
_d44499